[Event "SWE-ch Seniors"]
[Site "Linkoping"]
[Date "2001.??.??"]
[Round "6"]
[White "Nystrom, Ragnar"]
[Black "Savegren, Kurt"]
[Result "1/2-1/2"]
[WhiteElo "2154"]
[BlackElo "2010"]
[PlyCount "50"]
[EventDate "2001.??.??"]
[EventType "tourn"]
[EventRounds "7"]
[EventCountry "SWE"]
[SourceTitle "EXT 2002"]
[Source "ChessBase"]
[SourceDate "2001.11.25"]
[SourceVersion "1"]
[SourceVersionDate "2001.11.25"]
[SourceQuality "1"]

1. d4 d5 2. c4 c6 3. Nf3 Nf6 4. Nc3 a6 5. e3 b5 6. cxd5 cxd5 7. Bd3 Bb7 8. 0-0 e6 9. Ne5 Nbd7 10. f4 Bd6 11. Bd2 Ne4 12. Be1 0-0 13. Rc1 Qe8 14. Bh4 f6 15. Nxd7 Qxd7 16. Qg4 f5 17. Qe2 Rac8 18. Nb1 Rc6 19. Rxc6 Qxc6 20. Nd2 Rc8 21. Nf3 Qe8 22. Ne5 Rc7 23. Ra1 Qc8 24. Qd1 b4 25. h3 Bf8 1/2-1/2

[Event "SWE-ch Seniors"]
[Site "Linkoping"]
[Date "2001.??.??"]
[Round "7"]
[White "Savegren, Kurt"]
[Black "Svensson, Leif"]
[Result "1/2-1/2"]
[WhiteElo "2010"]
[BlackElo "2184"]
[PlyCount "89"]
[EventDate "2001.??.??"]
[EventType "tourn"]
[EventRounds "7"]
[EventCountry "SWE"]
[SourceTitle "EXT 2002"]
[Source "ChessBase"]
[SourceDate "2001.11.25"]
[SourceVersion "1"]
[SourceVersionDate "2001.11.25"]
[SourceQuality "1"]

1. d4 Nf6 2. c4 e5 3. dxe5 Ng4 4. Bf4 Bb4+ 5. Nd2 d6 6. exd6 Qf6 7. Nh3 Nxf2 8. Kxf2 Bxh3 9. g3 Bxf1 10. Rxf1 0-0 11. Ne4 Qg6 12. Qd3 Re8 13. a3 Rxe4 14. axb4 cxd6 15. Qxd6 Qxd6 16. Bxd6 Nc6 17. Rfd1 Rae8 18. Rd2 a6 19. Rad1 Rxc4 20. Bc5 Rce4 21. e3 h5 22. Rd7 b5 23. b3 Ne5 24. Rd8 Ng4+ 25. Ke2 Nxh2 26. Rxe8+ Rxe8 27. Rh1 Ng4 28. Rxh5 Nf6 29. Rh1 Ne4 30. Ra1 Re6 31. g4 Rg6 32. Bd4 Rxg4 33. Rxa6 f5 34. Rb6 Rg2+ 35. Kf1 Rf2+ 36. Ke1 g5 37. Rxb5 g4 38. Be5 Rc2 39. Bf4 Rc1+ 40. Ke2 Nc3+ 41. Kd2 Nxb5 42. Kxc1 Kf7 43. Kd2 Ke6 44. Kd3 Kd5 45. Bg3 1/2-1/2